La jauria humana (Record no. 17446)

MARC details
000 -LEADER
campo de control de longitud fija 00300nam a2200133Ia 4500
008 - DATOS DE LONGITUD FIJA--INFORMACIÓN GENERAL
campo de control de longitud fija 231129s1971||||xx |||||||||||||| ||spa||
040 ## - FUENTE DE CATALOGACIÓN
Lengua de catalogación spa
082 ## - NÚMERO DE LA CLASIFICACIÓN DECIMAL DEWEY
Número de clasificación U813 F688j
100 ## - ENTRADA PRINCIPAL--NOMBRE DE PERSONA
Nombre de persona Foote Horton
245 #0 - MENCIÓN DEL TÍTULO
Título La jauria humana
260 ## - PUBLICACIÓN, DISTRIBUCIÓN, ETC.
Fecha de publicación, distribución, etc. 1971
264 ## - PRODUCCIÓN, PUBLICACIÓN, DISTRIBUCIÓN, FABRICACIÓN Y COPYRIGHT
Producción, publicación, distribución, fabricación y copyright Circulo de Lectores
942 ## - ELEMENTOS DE ENTRADA SECUNDARIOS (KOHA)
Fuente del sistema de clasificación o colocación Clasificación Decimal Dewey
Tipo de ítem Koha
Holdings
Estatus retirado Estado de pérdida Fuente del sistema de clasificación o colocación Estado de daño No para préstamo Biblioteca de origen Biblioteca actual Fecha de adquisición Total de préstamos Signatura topográfica completa Código de barras Visto por última vez Fecha del último préstamo Copia número Precio de reemplazo Tipo de ítem Koha
    Clasificación Decimal Dewey     BIBLIOTECA PÚBLICA MUNICIPAL RAMON CORREA MEJIA BIBLIOTECA PÚBLICA MUNICIPAL RAMON CORREA MEJIA 09/07/2009 1 U813 F688j 24066 21/05/2024 15/04/2024 1 29/11/2023 Libros

Powered by Koha